000 00629nam a2200229Ia 4500
008 200601s9999 xx 000 0 und d
020 _a978-1-101-90405-3
050 _aMAIN BF 637.T5
050 _b.B35 2016
100 _aBailey, Chris.
245 4 _aThe Productivity project :
245 0 _baccomplishing more by managing your time, attention, and energy /
245 0 _cChris Bailey.
260 _aNew York :
260 _bCurrency,
260 _c2016
300 _a292 pages :
300 _c20 cm.
650 _aIndustrial productivity.
650 _aTime management.
650 _xDistraction (Psychology).
999 _c363195
_d363195